[Event "FB22 2122 Delmenhorster SK - SK Lehrte"]
[Site "?"]
[Date "2022.03.20"]
[Round "5.6"]
[White "Kahrs, Daniela"]
[Black "Stelter, Finja"]
[Result "1/2-1/2"]
[WhiteElo "2010"]
[BlackElo "1412"]
[PlyCount "111"]
[EventDate "2022.??.??"]

1. e4 c5 2. Nf3 Nc6 3. d4 cxd4 4. Nxd4 g6 5. Be3 Bg7 6. Nc3 d6 7. Bc4 Qa5 8.
Qd2 Qb4 9. Nxc6 bxc6 10. Bb3 Ba6 11. O-O-O Bxc3 12. Qxc3 Qxc3 13. bxc3 Nf6 14.
f3 Nd7 15. Bd4 f6 16. h4 c5 17. Be3 h5 18. Ba4 Bc4 19. a3 Rc8 20. Bb3 Nb6 21.
Bf4 Rc6 22. Rd2 e5 23. Be3 Ke7 24. a4 a5 25. Rhd1 Rd8 26. Bf2 Ke6 27. g4 hxg4
28. fxg4 Rh8 29. Rh1 d5 30. exd5+ Bxd5 31. Bxd5+ Nxd5 32. c4 Nc3 33. Rd3 Ne4
34. Be1 Ra6 35. Rd5 Rb8 36. Rd3 Rab6 37. Rb3 Rxb3 38. cxb3 Rxb3 39. h5 gxh5 40.
gxh5 Ng5 41. h6 Nh7 42. Rg1 Rh3 43. Bxa5 Rxh6 44. Rg3 Ng5 45. Bb6 Kd6 46. a5
Rh8 47. Rd3+ Kc6 48. Rd5 Ne6 49. Kd2 Rh7 50. Kc3 e4 51. Rf5 Rh6 52. Kd2 Kd6 53.
Rd5+ Kc6 54. Rf5 Kd6 55. Rd5+ Kc6 56. Rf5 1/2-1/2

[Event "FB22 2122 Hamburger SK II - SG Solingen"]
[Site "?"]
[Date "2022.04.09"]
[Round "6.1"]
[White "Bashylina, Luisa"]
[Black "Rogozenco, Teodora"]
[Result "0-1"]
[WhiteElo "2043"]
[BlackElo "1954"]
[PlyCount "48"]
[EventDate "2022.??.??"]

1. d4 d5 2. c4 dxc4 3. e3 Nf6 4. Bxc4 e6 5. Nf3 c5 6. Nc3 a6 7. O-O b5 8. Be2
Bb7 9. dxc5 Qxd1 10. Rxd1 Bxc5 11. Nd2 O-O 12. a4 b4 13. Nb3 Be7 14. Na5 bxc3
15. Nxb7 Ra7 16. Bf3 c2 17. Rd3 e5 18. Rb3 e4 19. Be2 Nc6 20. h3 Bb4 21. Rxb4
Nxb4 22. Nc5 Rd8 23. Nb3 Rd1+ 24. Kh2 Nd3 0-1

[Event "FB22 2122 Hamburger SK II - SG Solingen"]
[Site "?"]
[Date "2022.04.09"]
[Round "6.2"]
[White "Rogozenco, Ileana"]
[Black "Muedder, Melanie"]
[Result "1/2-1/2"]
[WhiteElo "2040"]
[BlackElo "1833"]
[PlyCount "40"]
[EventDate "2022.??.??"]

1. e4 c5 2. Nf3 Nc6 3. d4 cxd4 4. Nxd4 Nf6 5. Nc3 e5 6. Ndb5 d6 7. Na3 Be6 8.
Nc4 d5 9. exd5 Nxd5 10. Nxd5 Qxd5 11. Qxd5 Bxd5 12. Ne3 Be6 13. Bb5 O-O-O 14.
c3 f5 15. Bc4 Bxc4 16. Nxc4 b5 17. Nd2 e4 18. Nb3 Ne5 19. O-O Nd3 20. Nd4 Bc5
1/2-1/2

[Event "FB22 2122 Hamburger SK II - SG Solingen"]
[Site "?"]
[Date "2022.04.09"]
[Round "6.3"]
[White "Browning, Rebecca"]
[Black "Wulf, Constanze"]
[Result "1/2-1/2"]
[WhiteElo "1937"]
[BlackElo "1839"]
[PlyCount "76"]
[EventDate "2022.??.??"]

1. e4 c5 2. c3 Nf6 3. e5 Nd5 4. d4 cxd4 5. cxd4 d6 6. Nf3 Nc6 7. exd6 Qxd6 8.
Nc3 Bg4 9. Be2 e6 10. O-O Be7 11. Nb5 Qd8 12. h3 Bf5 13. Be3 O-O 14. a3 Rc8 15.
Bd3 Bxd3 16. Qxd3 Bf6 17. Rfd1 Qe7 18. Nc3 Rfd8 19. Ne4 Nxe3 20. fxe3 Rc7 21.
Qb5 Rd5 22. Qe2 Rd8 23. b4 b6 24. Rac1 Rdc8 25. Qe1 g6 26. Nxf6+ Qxf6 27. Qg3
Qe7 28. Kh1 Qd8 29. Rf1 Ne7 30. Rxc7 Qxc7 31. Qg5 Nf5 32. Ne5 Rf8 33. Ng4 Ng3+
34. Kg1 Nxf1 35. Nf6+ Kg7 36. Nh5+ Kg8 37. Nf6+ Kg7 38. Nh5+ Kg8 1/2-1/2

[Event "FB22 2122 Hamburger SK II - SG Solingen"]
[Site "?"]
[Date "2022.04.09"]
[Round "6.4"]
[White "Hubert, Charlotte"]
[Black "Rudolph, Eva"]
[Result "0-1"]
[WhiteElo "1692"]
[BlackElo "1809"]
[PlyCount "74"]
[EventDate "2022.??.??"]

1. e4 c5 2. Nf3 e6 3. d4 cxd4 4. Nxd4 a6 5. Bd3 Nf6 6. O-O Qc7 7. Qe2 d6 8. c4
g6 9. Nc3 Bg7 10. Rd1 O-O 11. Be3 Nbd7 12. f4 b6 13. a4 Bb7 14. Bf2 Rac8 15.
Nb3 Nc5 16. Nxc5 bxc5 17. Rab1 Nd7 18. Qd2 Rfd8 19. Kh1 Bf8 20. Bh4 Re8 21. Rf1
Bh6 22. Qf2 Rb8 23. Rbe1 Bc6 24. Qc2 Qb7 25. Re2 Qb3 26. Qxb3 Rxb3 27. Rd2 Bf8
28. Ra1 Reb8 29. Nd1 Nb6 30. Bc2 Nxc4 31. Re2 R3b7 32. b3 Na5 33. Rb1 Nxb3 34.
Bxb3 Rxb3 35. Rxb3 Rxb3 36. Rb2 Bxa4 37. Rxb3 Bxb3 0-1

[Event "FB22 2122 Lübecker SV - SV Mülheim-Nord"]
[Site "?"]
[Date "2022.04.09"]
[Round "6.1"]
[White "Engels, Natia"]
[Black "Kopylov, Luba"]
[Result "1-0"]
[WhiteElo "2140"]
[BlackElo "2039"]
[PlyCount "145"]
[EventDate "2022.??.??"]

1. d4 Nf6 2. c4 g6 3. Nc3 d5 4. cxd5 Nxd5 5. e4 Nxc3 6. bxc3 Bg7 7. Bc4 c5 8.
Ne2 O-O 9. O-O cxd4 10. cxd4 Nc6 11. Be3 Bg4 12. f3 Na5 13. Bd3 Be6 14. d5 Bxa1
15. Qxa1 f6 16. Nf4 Bf7 17. Rd1 Rc8 18. e5 Kg7 19. e6 Bg8 20. Qb1 Qd6 21. Bxg6
Kh8 22. Nh5 Bxe6 23. dxe6 Qxe6 24. Be4 Rfd8 25. Re1 Qf7 26. g4 b6 27. Bh6 Rg8
28. Nf4 e6 29. Kh1 Nc4 30. Nh5 Ne5 31. h3 Rc3 32. Qb2 Rc5 33. Be3 Ra5 34. Bd4
Rg5 35. Nf4 Nd7 36. h4 Rgb5 37. Qc2 e5 38. Qc8+ Nf8 39. Ne6 Kg8 40. Nxf8 Qxf8
41. Bxh7+ Kg7 42. Qf5 Qf7 43. Bc3 e4 44. Qxe4 Re5 45. Bxe5 Rxe5 46. Qb1 Rxe1+
47. Qxe1 Kxh7 48. Qe4+ Kg7 49. a4 Qd7 50. Kg2 a6 51. h5 Qf7 52. Qc6 Qa2+ 53.
Kg3 Qb2 54. Qd7+ Kf8 55. h6 Qe5+ 56. Kh3 Qf4 57. Qc8+ Kf7 58. Qb7+ Ke6 59. h7
Qh6+ 60. Kg3 Qh1 61. Qxb6+ Ke7 62. Qa7+ Ke6 63. Qxa6+ Kf7 64. Qc4+ Ke7 65. Qc5+
Ke6 66. Qe3+ Kd6 67. Qd2+ Ke6 68. Qh2 Qe1+ 69. Kh3 Qe3 70. h8=Q Qxf3+ 71. Kh4
f5 72. Q2e5+ Kd7 73. Qhe8# 1-0

[Event "FB22 2122 Lübecker SV - SV Mülheim-Nord"]
[Site "?"]
[Date "2022.04.09"]
[Round "6.4"]
[White "Sickmann, Lisa"]
[Black "Stoer, Agnes"]
[Result "0-1"]
[WhiteElo "1626"]
[BlackElo "1857"]
[PlyCount "64"]
[EventDate "2022.??.??"]

1. e4 c6 2. d4 d5 3. Nc3 dxe4 4. Nxe4 Bf5 5. Ng3 Bg6 6. h4 h6 7. Nf3 Nd7 8. h5
Bh7 9. Bd3 Ngf6 10. Bxh7 Nxh7 11. Bf4 e6 12. Qd3 Qa5+ 13. Bd2 Qb6 14. O-O-O
Nhf6 15. Ne5 Nxe5 16. dxe5 Rd8 17. Qe2 Nd5 18. Ne4 a5 19. g4 a4 20. a3 Rd7 21.
f4 Be7 22. f5 Qd4 23. Nd6+ Bxd6 24. exd6 Rxd6 25. Bb4 Qf4+ 26. Kb1 Nxb4 27.
axb4 O-O 28. Rxd6 Qxd6 29. c3 Rd8 30. Re1 exf5 31. gxf5 Qf6 32. Qg4 a3 0-1

[Event "FB22 2122 Lübecker SV - SV Mülheim-Nord"]
[Site "?"]
[Date "2022.04.09"]
[Round "6.6"]
[White "Schnell, Andrea"]
[Black "Lebioda-Dette, Kordula"]
[Result "0-1"]
[WhiteElo "1293"]
[BlackElo "1687"]
[PlyCount "40"]
[EventDate "2022.??.??"]

1. d4 Nf6 2. Nf3 d5 3. g3 Bg4 4. Bg2 e6 5. O-O Bd6 6. Nbd2 Nbd7 7. c4 c5 8.
cxd5 exd5 9. e3 O-O 10. dxc5 Nxc5 11. Qe1 Rc8 12. b3 Nd3 13. Qe2 Rc3 14. Rd1
Qc7 15. h3 Bh5 16. Nc4 dxc4 17. Bd2 Rc2 18. Qf1 Ne4 19. Rab1 Nxd2 20. b4 Bxf3
0-1

[Event "FB22 2122 SK Doppelbauer Turm Kiel - SK"]
[Site "?"]
[Date "2022.04.09"]
[Round "6.3"]
[White "Michalek, Barbara"]
[Black "Silz, Elisa"]
[Result "1-0"]
[WhiteElo "1905"]
[BlackElo "1947"]
[PlyCount "103"]
[EventDate "2022.??.??"]

1. d4 Nf6 2. c4 g6 3. Nc3 Bg7 4. Nf3 O-O 5. e4 d6 6. h3 e5 7. dxe5 dxe5 8. Be3
Qxd1+ 9. Rxd1 Na6 10. a3 c6 11. Bd3 Nh5 12. O-O f5 13. b4 f4 14. Bc1 Be6 15.
Bb2 Rae8 16. Be2 Nc7 17. a4 Bc8 18. c5 Ne6 19. Bc4 Kh8 20. Ne2 a5 21. Bc3 axb4
22. Bxb4 Nf6 23. Nc3 Nd4 24. Ng5 Re7 25. Kh2 h6 26. Nf3 Nh7 27. Ng1 f3 28. g3
Ng5 29. Rd2 Be6 30. Bxe6 Ngxe6 31. Rb2 Ra8 32. a5 Rf7 33. Na4 Bf8 34. Rc1 Rd8
35. Nb6 Ng5 36. Nc4 Re8 37. Re1 Rf6 38. Re3 Nf7 39. Nd2 Ng5 40. h4 Nge6 41.
Ndxf3 Bxc5 42. Bc3 Nd8 43. Rd3 Ref8 44. Nxe5 Nb5 45. Nxg6+ Kg7 46. Nxf8 Nxc3
47. Rxd8 Bxf8 48. Rxb7+ Kg6 49. f3 Nb5 50. a6 Bc5 51. Rg8+ Kh5 52. Kh3 1-0

[Event "FB22 2122 SK Doppelbauer Turm Kiel - SK"]
[Site "?"]
[Date "2022.04.09"]
[Round "6.4"]
[White "Gressmann, Hanna"]
[Black "Edel, Fenja"]
[Result "1-0"]
[WhiteElo "1902"]
[BlackElo "1723"]
[PlyCount "79"]
[EventDate "2022.??.??"]

1. d4 d5 2. Nf3 Nf6 3. e3 Bf5 4. c4 c6 5. Nc3 e6 6. Nh4 Bg6 7. Nxg6 hxg6 8. Bd3
Bd6 9. h3 Nbd7 10. Bd2 Bc7 11. Rb1 a5 12. a3 dxc4 13. Bxc4 Nb6 14. Be2 Qd6 15.
Qc2 O-O 16. h4 e5 17. dxe5 Qxe5 18. f4 Qe6 19. Kf2 Ng4+ 20. Bxg4 Qxg4 21. Ne2
Nd5 22. Rh3 Bb6 23. Rbh1 Nf6 24. Kf1 Rfe8 25. Qb3 Rad8 26. Rg3 Qf5 27. Be1 Ne4
28. Qxb6 Nxg3+ 29. Nxg3 Qd3+ 30. Kf2 Rd5 31. Bc3 Rb5 32. Qd4 Qc2+ 33. Ne2 f6
34. Qd7 Qe4 35. Qd4 Qe7 36. Re1 Rd5 37. Qb6 f5 38. Ng3 Qxh4 39. Qxb7 Red8 40.
Qxg7# 1-0

[Event "FB22 2122 SK Doppelbauer Turm Kiel - SK"]
[Site "?"]
[Date "2022.04.09"]
[Round "6.6"]
[White "Hielscher, Ursula"]
[Black "Stelter, Finja"]
[Result "1-0"]
[WhiteElo "1750"]
[BlackElo "1416"]
[PlyCount "127"]
[EventDate "2022.??.??"]

1. d4 d5 2. c4 dxc4 3. e4 Nc6 4. Nf3 Nf6 5. d5 Nxe4 6. Bxc4 e6 7. O-O Ne7 8.
dxe6 Bxe6 9. Bxe6 fxe6 10. Qa4+ Nc6 11. Qxe4 Qd5 12. Qxd5 exd5 13. Re1+ Be7 14.
Bg5 Kf7 15. Bxe7 Nxe7 16. Nc3 c6 17. Re2 Rhe8 18. Rae1 h6 19. Ne5+ Kf8 20. Nd7+
Kf7 21. Nc5 Rab8 22. g4 b6 23. Nd3 Ng6 24. Rxe8 Rxe8 25. Rxe8 Kxe8 26. Nb4 Ne7
27. Kf1 d4 28. Ne4 c5 29. Nd3 Kd7 30. Ke2 Nd5 31. h4 Ke6 32. a3 c4 33. Nb4 Nxb4
34. axb4 Ke5 35. Ng3 g6 36. h5 gxh5 37. Nxh5 a5 38. bxa5 bxa5 39. f4+ Ke6 40.
Ng3 a4 41. Ne4 Kd5 42. f5 Ke5 43. Kf3 Kd5 44. Nf6+ Ke5 45. Ne4 c3 46. bxc3 a3
47. cxd4+ Kxd4 48. Nd2 a2 49. Nb3+ Ke5 50. Kg3 h5 51. Kh4 hxg4 52. Kxg4 Kf6 53.
Kf4 Kf7 54. Ke5 Ke7 55. f6+ Kf7 56. Kf5 Kf8 57. Ke6 Ke8 58. f7+ Kf8 59. Nc5
a1=Q 60. Nd7+ Kg7 61. f8=Q+ Kg6 62. Ne5+ Kh7 63. Qf7+ Kh8 64. Ng6# 1-0

[Event "FB22 2122 SG Solingen - Delmenhorster S"]
[Site "?"]
[Date "2022.04.10"]
[Round "7.1"]
[White "Moenster, Madita"]
[Black "Bashylina, Luisa"]
[Result "0-1"]
[WhiteElo "1888"]
[BlackElo "2043"]
[PlyCount "70"]
[EventDate "2022.??.??"]

1. e4 c5 2. Nf3 d6 3. d4 cxd4 4. Nxd4 Nf6 5. Nc3 a6 6. f3 e5 7. Nb3 Be7 8. Be3
Be6 9. Qd2 O-O 10. O-O-O Nbd7 11. g4 b5 12. g5 Nh5 13. Kb1 Nb6 14. Nd5 Nxd5 15.
exd5 Bf5 16. Na5 f6 17. Nc6 Qc7 18. Rg1 Rac8 19. Bd3 Bxd3 20. Qxd3 fxg5 21.
Bxg5 Bxg5 22. Rxg5 Nf4 23. Qe4 Kh8 24. Rd2 Nxd5 25. Rxd5 Qxc6 26. Qd3 Rf6 27.
Rg3 e4 28. Qd1 exf3 29. Rg1 f2 30. Rf1 Re8 31. Rd2 Qg2 32. Re2 Ref8 33. Re7 Rg6
34. Qe2 Qxf1+ 35. Qxf1 Rg1 0-1

[Event "FB22 2122 SG Solingen - Delmenhorster S"]
[Site "?"]
[Date "2022.04.10"]
[Round "7.3"]
[White "Wollscheid, Stefanie"]
[Black "Muedder, Melanie"]
[Result "0-1"]
[WhiteElo "1676"]
[BlackElo "1833"]
[PlyCount "73"]
[EventDate "2022.??.??"]

1. e4 c5 2. Nf3 d6 3. d4 cxd4 4. Nxd4 Nf6 5. Nc3 a6 6. f3 e5 7. Nb3 Be7 8. Be3
Be6 9. Qd2 O-O 10. O-O-O Nbd7 11. g4 b5 12. g5 Nh5 13. Kb1 Nb6 14. Nd5 Nxd5 15.
exd5 Bf5 16. Na5 f6 17. Nc6 Qc7 18. Rg1 Rac8 19. Bd3 Bxd3 20. Qxd3 fxg5 21.
Bxg5 Bxg5 22. Rxg5 Nf4 23. Qe4 Kh8 24. Rd2 Nxd5 25. Rxd5 Qxc6 26. Qd3 Rf6 27.
Rg3 e4 28. Qd1 exf3 29. Rg1 f2 30. Rf1 Re8 31. Rd2 Qg2 32. Re2 Ref8 33. Re7 Rg6
34. Qe2 Qxf1+ 35. Qxf1 Rg1 36. h4 h5 37. a4 0-1

[Event "FB22 2122 SG Solingen - Delmenhorster S"]
[Site "?"]
[Date "2022.04.10"]
[Round "7.4"]
[White "Browning, Rebecca"]
[Black "Wenke, Andrea"]
[Result "1-0"]
[WhiteElo "1937"]
[BlackElo "1681"]
[PlyCount "71"]
[EventDate "2022.??.??"]

1. e4 e5 2. Nf3 Nc6 3. d4 exd4 4. Nxd4 Bc5 5. Be3 Qf6 6. c3 Bb6 7. Bc4 Nge7 8.
O-O O-O 9. f4 d6 10. Kh1 Bd7 11. Na3 a6 12. Nac2 Na5 13. Bd3 Qh4 14. f5 Nac6
15. Rf4 Qf6 16. Rg4 d5 17. Rg3 Nxd4 18. Nxd4 dxe4 19. Bxe4 c6 20. Bg5 Qe5 21.
f6 Ng6 22. fxg7 Qxg7 23. Nf5 Bxf5 24. Bxf5 Rfe8 25. Bd7 Re5 26. Qf1 Bd8 27. Be3
Rd5 28. Bd4 Qh6 29. Bg4 Bc7 30. Rh3 Qf4 31. Bf3 Rf5 32. Re1 Rd8 33. Qe2 Ne5 34.
Rg3+ Kf8 35. Be3 Qc4 36. Bh6+ 1-0

[Event "FB22 2122 SG Solingen - Delmenhorster S"]
[Site "?"]
[Date "2022.04.10"]
[Round "7.5"]
[White "Koenig, Emmilie"]
[Black "Sereda, Yaroslava"]
[Result "0-1"]
[WhiteElo "1513"]
[BlackElo "1713"]
[PlyCount "60"]
[EventDate "2022.??.??"]

1. d4 d5 2. Nf3 Nf6 3. h3 e6 4. Bf4 Bd6 5. Bxd6 Qxd6 6. c3 Nbd7 7. Nbd2 b6 8.
e3 Bb7 9. Bd3 c5 10. O-O O-O 11. Re1 e5 12. dxe5 Nxe5 13. Nxe5 Qxe5 14. Nf3 Qc7
15. Rc1 Rad8 16. Qe2 Rfe8 17. Qf1 Qb8 18. Nd2 g6 19. c4 Qd6 20. Red1 d4 21. Nb3
dxe3 22. Be2 Qe5 23. Rxd8 Rxd8 24. Rc3 exf2+ 25. Qxf2 Ne4 26. Re3 Qxb2 27. Qh4
Re8 28. Bd3 Nf6 29. Rxe8+ Nxe8 30. Qe7 Qxg2# 0-1

[Event "FB22 2122 SK Lehrte II - Lübecker SV"]
[Site "?"]
[Date "2022.04.10"]
[Round "7.6"]
[White "Stelter, Finja"]
[Black "Schnell, Andrea"]
[Result "1/2-1/2"]
[WhiteElo "1416"]
[BlackElo "1293"]
[PlyCount "52"]
[EventDate "2022.??.??"]

1. e4 c6 2. d4 d5 3. e5 Bf5 4. Nc3 e6 5. Nf3 Nd7 6. Bg5 Be7 7. Qd2 c5 8. Bxe7
Nxe7 9. Bb5 cxd4 10. Nxd4 O-O 11. Bxd7 Qxd7 12. Ncb5 Bg6 13. Nd6 Nc6 14. Nxc6
Qxc6 15. Rc1 f6 16. f4 fxe5 17. fxe5 b5 18. b3 Qb6 19. Qe2 a6 20. Rf1 Rxf1+ 21.
Qxf1 Rf8 22. Qe2 Qg1+ 23. Kd2 Qd4+ 24. Ke1 Qc3+ 25. Kd1 Qd4+ 26. Ke1 Qc3+
1/2-1/2

[Event "FB22 2122 SV Mülheim-Nord - SK Doppelba"]
[Site "?"]
[Date "2022.04.10"]
[Round "7.1"]
[White "Michna, Marta"]
[Black "Engels, Natia"]
[Result "1-0"]
[WhiteElo "2314"]
[BlackElo "2140"]
[PlyCount "111"]
[EventDate "2022.??.??"]

1. Nf3 Nf6 2. d4 g6 3. c3 Bg7 4. Bf4 d6 5. h3 Nbd7 6. Nbd2 c5 7. e3 O-O 8. Be2
b6 9. O-O Bb7 10. a4 a6 11. Bh2 Ne4 12. Qb1 Nxd2 13. Nxd2 e5 14. Bf3 d5 15. Qa2
e4 16. Be2 Rc8 17. a5 cxd4 18. cxd4 Rc2 19. Rfd1 b5 20. Rac1 Qc8 21. Qb1 Rc6
22. Rxc6 Qxc6 23. Rc1 Qe6 24. Rc7 Ba8 25. Nb3 f5 26. Qc1 h5 27. Ra7 Bh6 28. Qc7
Nf6 29. Nc5 Qc8 30. Qxc8 Rxc8 31. Rxa6 Bc6 32. Rxc6 Rxc6 33. Bxb5 Rc8 34. a6 f4
35. Bxf4 Bxf4 36. exf4 Kf7 37. b4 Ke7 38. Na4 Kd6 39. Nb6 Rc7 40. a7 Rxa7 41.
Nc8+ Kc7 42. Nxa7 Kb6 43. Bc6 Kxa7 44. b5 Kb6 45. Kh2 h4 46. g3 hxg3+ 47. Kxg3
Kc7 48. Kh4 Kd6 49. Kg5 Nh7+ 50. Kxg6 Nf8+ 51. Kf7 Ne6 52. f5 Ng5+ 53. Kg7 Nxh3
54. f6 Nf4 55. f7 Ne6+ 56. Kg8 1-0

[Event "FB22 2122 SV Mülheim-Nord - SK Doppelba"]
[Site "?"]
[Date "2022.04.10"]
[Round "7.2"]
[White "Freitag, Julia"]
[Black "Rath, Alina"]
[Result "1-0"]
[WhiteElo "2101"]
[BlackElo "2057"]
[PlyCount "87"]
[EventDate "2022.??.??"]

1. d4 d5 2. e3 Bf5 3. Bd3 e6 4. Bxf5 exf5 5. Qd3 Qd7 6. Nf3 Nc6 7. a3 Nf6 8. c4
dxc4 9. Qxc4 Bd6 10. b4 O-O 11. Nc3 Rfe8 12. O-O Ne4 13. Nb5 h6 14. Rd1 a6 15.
Nxd6 Qxd6 16. Bb2 b5 17. Qb3 Ne7 18. d5 Rad8 19. Be5 Qd7 20. Rac1 Nxd5 21. Bxc7
Qxc7 22. Rxc7 Nxc7 23. Rxd8 Rxd8 24. Nd4 g6 25. Qc2 Nd5 26. Qc6 Rd6 27. Qe8+
Kg7 28. Qe5+ Ndf6 29. f3 Rd5 30. Qe7 Ng5 31. h4 Rd7 32. Qe5 Ngh7 33. Kf2 Nf8
34. Ke2 Rd5 35. Qc7 Rd7 36. Qc6 f4 37. Qxa6 fxe3 38. Kxe3 Nd5+ 39. Kf2 Nc3 40.
Qb6 Nb1 41. Nxb5 Rd2+ 42. Kg3 Ne6 43. Qg1 Rb2 44. Qc1 1-0

[Event "FB22 2122 SV Mülheim-Nord - SK Doppelba"]
[Site "?"]
[Date "2022.04.10"]
[Round "7.3"]
[White "Silz, Elisa"]
[Black "Vogel, Heike"]
[Result "1/2-1/2"]
[WhiteElo "1947"]
[BlackElo "2129"]
[PlyCount "48"]
[EventDate "2022.??.??"]

1. d4 c5 2. d5 e6 3. e4 exd5 4. exd5 d6 5. Nc3 Nf6 6. Bb5+ Bd7 7. a4 Be7 8. Nf3
O-O 9. O-O Bg4 10. Be2 Nbd7 11. Bf4 Nh5 12. Bd2 f5 13. Ne1 Bxe2 14. Qxe2 Qe8
15. Nb5 Qf7 16. Nc7 Rac8 17. Ne6 Rfe8 18. Nf3 Nf8 19. Rfe1 h6 20. Qb5 g5 21.
Bc3 Bf6 22. Nxf8 Kxf8 23. Qd3 Bxc3 24. Qxc3 Nf6 1/2-1/2

[Event "FB22 2122 SV Mülheim-Nord - SK Doppelba"]
[Site "?"]
[Date "2022.04.10"]
[Round "7.5"]
[White "Gressmann, Hanna"]
[Black "Cipkis, Swetlana"]
[Result "1-0"]
[WhiteElo "1902"]
[BlackElo "1712"]
[PlyCount "47"]
[EventDate "2022.??.??"]

1. e4 c6 2. Nf3 d5 3. Nc3 Bg4 4. h3 Bh5 5. exd5 cxd5 6. g4 Bg6 7. Ne5 Qd6 8. d4
a6 9. h4 Nc6 10. Nxc6 bxc6 11. h5 Be4 12. Nxe4 dxe4 13. Bg2 Qe6 14. Qe2 Nh6 15.
g5 Nf5 16. Qxe4 Qxe4+ 17. Bxe4 Nxd4 18. c3 Rd8 19. cxd4 Rxd4 20. Bxc6+ Kd8 21.
Be3 Rb4 22. O-O e6 23. Rfd1+ Kc7 24. Rac1 1-0

[Event "FB22 2122 SV Mülheim-Nord - SK Doppelba"]
[Site "?"]
[Date "2022.04.10"]
[Round "7.6"]
[White "Lebioda-Dette, Kordula"]
[Black "Hielscher, Ursula"]
[Result "1-0"]
[WhiteElo "1687"]
[BlackElo "1750"]
[PlyCount "69"]
[EventDate "2022.??.??"]

1. e4 e6 2. Nf3 d5 3. exd5 exd5 4. d4 Nf6 5. h3 Bf5 6. Bd3 Bxd3 7. Qxd3 Nc6 8.
O-O Be7 9. c3 Qd7 10. Bf4 O-O-O 11. b4 a6 12. a4 Bd6 13. Bxd6 Qxd6 14. Nbd2
Rde8 15. b5 Nd8 16. Ne5 Nd7 17. Nxd7 Kxd7 18. Nb3 Ne6 19. Rfe1 Kd8 20. Qf3 c6
21. Qxf7 Re7 22. Qf5 Rf8 23. Qc2 Ref7 24. Rf1 Ng5 25. bxa6 bxa6 26. Nc5 Kc8 27.
Rab1 Ra7 28. Rb2 Rff7 29. Qb1 Ne6 30. Nxe6 Qxe6 31. Re1 Qd7 32. Rb8+ Kc7 33.
Qb6+ Kd6 34. Qc5+ Kc7 35. Qxa7+ 1-0